| 000 | 01127 a2200229 4500 | ||
|---|---|---|---|
| 001 | 21711 | ||
| 005 | 20260407155508.0 | ||
| 008 | 260407a2006 arg spa d | ||
| 003 | AR-UNSa-BCEJYS | ||
| 040 |
_aAR-UNSa-BCEJYS _bspa _cAR-UNSa-BCEJYS |
||
| 080 |
_a336.226.1 _xImpuestos a las ganancias o los beneficios (Impuesto Diferido) |
||
| 245 | 1 | 0 | _aGanancia mínima presunta |
| 020 | _a987-01-0461-4 | ||
| 250 | _a6a. ed. | ||
| 264 | 1 |
_aBuenos Aires : _bErrepar _c2006 |
|
| 300 |
_a176 p. _c27 cm. |
||
| 505 | _a1. Principales cambios para el período fiscal 2005 - 2. Datos útiles - 3. Aspectos generales - 4. Valuación - 5. Bienes externos, no computables y no considerados como activos - 6. Determinación e ingreso del impuesto - 7. Ejercicio práctico integral - 8. Consultas frecuentes - 9. Ejercicios de autoevaluación - 10. Cuestiones controvertidas - 11. Práctica de inspección. | ||
| 942 | _cBK | ||
| 590 | _aniveau_biblio:m niveau_hierar:0 | ||
| 100 | 1 | _aD´Agostino, Hernán Miguel | |
| 856 | 4 | 1 |
_uhttps://biblioeco.unsa.edu.ar/pmb/images/libros/Ganancia Minima Presunta.jpg _yImagen de portada _qimage/jpeg |
| 999 |
_c857 _d857 |
||